The anatomy of dependence

The Anatomy of Dependence by Takeo Doi is a look at one facet of Japanese society. Doi focuses on the aspect of unconditional love between parent and child and how it relates to the overarching characteristics of Japanese social structure. Doi relates many theories from many fields of study, notably...

Popoln opis

Shranjeno v:
Bibliografske podrobnosti
Glavni avtor: Doi, Takeo
Format: Knjiga
Jezik:Undetermined
Izdano: Tokyo Kodansha International 1973
Teme:
Oznake: Označite
Brez oznak, prvi označite!
Thư viện lưu trữ: Trung tâm Học liệu Trường Đại học Cần Thơ
LEADER 00943nam a2200205Ia 4500
001 CTU_118862
008 210402s9999 xx 000 0 und d
020 |c 16 
082 |a 150.195 
082 |b D657 
100 |a Doi, Takeo 
245 4 |a The anatomy of dependence 
245 0 |c Takeo Doi ; Translated by John Bester 
260 |a Tokyo 
260 |b Kodansha International 
260 |c 1973 
520 |a The Anatomy of Dependence by Takeo Doi is a look at one facet of Japanese society. Doi focuses on the aspect of unconditional love between parent and child and how it relates to the overarching characteristics of Japanese social structure. Doi relates many theories from many fields of study, notably psychology, anthropology, and sociology. 
650 |a Dependency (Psychology),National characteristics, Japanese,National characteristics, American 
904 |i Truc 
980 |a Trung tâm Học liệu Trường Đại học Cần Thơ